小叮当趣味科学小百科. 一: 宇宙科学 (Record no. 19605)

000 -LEADER
fixed length control field 00499nam a22001817a 4500
003 - CONTROL NUMBER IDENTIFIER
control field MPLRDC
005 - DATE AND TIME OF LATEST TRANSACTION
control field 20220104124454.0
008 - FIXED-LENGTH DATA ELEMENTS--GENERAL INFORMATION
fixed length control field 210129b ||||| |||| 00| 0 eng d
082 ## - DEWEY DECIMAL CLASSIFICATION NUMBER
Classification number 308.9 ZJET v.1
100 ## - MAIN ENTRY--PERSONAL NAME
Personal name 阳铭出版社编辑部
245 ## - TITLE STATEMENT
Title 小叮当趣味科学小百科. 一: 宇宙科学
Statement of responsibility, etc.
250 ## - EDITION STATEMENT
Edition statement 最新版
260 ## - PUBLICATION, DISTRIBUTION, ETC.
Place of publication, distribution, etc.
Name of publisher, distributor, etc. 阳铭出版社
Date of publication, distribution, etc. 1992
300 ## - PHYSICAL DESCRIPTION
Other physical details
490 ## - SERIES STATEMENT
Series statement 最佳儿童课外读物. 1
650 ## - SUBJECT ADDED ENTRY--TOPICAL TERM
Topical term or geographic name entry element 儿童用科学丛书
942 ## - ADDED ENTRY ELEMENTS (KOHA)
Koha item type Book
-- 308.9 ZJET v.1
Holdings
Withdrawn status Lost status Source of classification or shelving scheme Damaged status Not for loan Collection code Home library Current library Shelving location Date acquired Cost, normal purchase price Total Checkouts Full call number Barcode Date last seen Date last checked out Price effective from Koha item type Public note
            Malaysian Public Library, Research and Development Centre Malaysian Public Library, Research and Development Centre   10/12/2007 21.00   308.9 ZJET v.1 00019674 17/03/2021 16/12/2010 17/03/2021 Book mplrdc

© 2022. Malaysian Public Library, Research and Development Centre. All Right ReservedE-mailmplrdc@help.edu.my 

Powered by Koha